000 00512cam a2200205ua 4500
001 9407
008 150824n ii |||gr||||Z||||||asm
020 _a8176650226
040 _cMAIN
041 _aasm
082 _a891.451
100 _aBorgohain, Homen,
_eAuthor.
245 1 _aKatha-barta
_cby Homen Borgohain
250 _a2nd ed.
260 _aGuwahati:
_bStudents stores,
_c2000.
300 _a160p.
653 _aEast Indo-European & Celtic literatures
653 _aAssamese literature
942 _cBK
999 _c8462
_d8462